Sổ tay phòng chống ma tuý

保存先:
書誌詳細
第一著者: Nguyễn, Vũ Trung
フォーマット: 図書
言語:Undetermined
出版事項: Hà Nội Giáo dục 1998
主題:
タグ: タグ追加
タグなし, このレコードへの初めてのタグを付けませんか!
Thư viện lưu trữ: Trung tâm Học liệu Trường Đại học Cần Thơ
LEADER 00551nam a2200205Ia 4500
001 CTU_159551
008 210402s9999 xx 000 0 und d
020 |c 3000 
082 |a 371.51 
082 |b Tr513 
100 |a Nguyễn, Vũ Trung 
245 0 |a Sổ tay phòng chống ma tuý 
245 0 |c Nguyễn Vũ Trung 
260 |a Hà Nội 
260 |b Giáo dục 
260 |c 1998 
650 |a General regulations 
650 |x Student conduct 
904 |i QHieu 
980 |a Trung tâm Học liệu Trường Đại học Cần Thơ